Smallest Landlocked Countries by Population and Area - Statistics

General Stats
  • This quiz has been taken 2,022 times
    1,905 since last reset
  • The average score is 9 of 12
Answer Stats
Area (km²) Population Country % Correct
0.49 804 Vatican City
99%
61 34 k San Marino
95%
160 38 k Liechtenstein
93%
468 77 k Andorra
90%
2,586 642 k Luxembourg
88%
- 785 k Bhutan
70%
17,364 1.2 mil Eswatini
70%
26,338 - Rwanda
70%
27,834 - Burundi
68%
10,887 1.9 mil Kosovo
67%
- 2.2 mil Lesotho
66%
25,713 2.1 mil North Macedonia
57%
No matching quizzes found
Score Distribution
Percent of People with Each Score
Percentile by Number Answered
Your Score History
You have not taken this quiz since the last reset